| 000 | 00696nam a2200193Ia 4500 | ||
|---|---|---|---|
| 001 | 14068 | ||
| 003 | GE_BSU | ||
| 008 | 181216s||||||||xx |||||||||||||| ||und|| | ||
| 040 | _cGE_BSU | ||
| 080 | _a616-056.3(075.8) | ||
| 100 | _aგურგენიძე,გ.გ. გურგენიძე,გ.გ. ჟორჟოლაძე, ნ.თ. | ||
| 245 | _aალერგია და ალერგიული დაავადებები | ||
| 260 | _aთბილისი | ||
| 260 | _c2001 | ||
| 300 | _a428გვ.ილ. | ||
| 520 | _aქსეროქსი | ||
| 653 | _aალერგია და ალერგიული დაავადებები | ||
| 942 | _cBK | ||
| 999 |
_c47208 _d47208 |
||